Oligopolio y progreso técnico / (Record no. 188970)
[ view plain ]
| 000 -LEADER | |
|---|---|
| campo de control de longitud fija | 00727nam a2200217 i 4500 |
| 001 - NÚMERO DE CONTROL | |
| campo de control | 188970 |
| 003 - IDENTIFICADOR DE NÚMERO DE CONTROL | |
| campo de control | ES-MaACL |
| 005 - FECHA Y HORA DE LA ÚLTIMA TRANSACCIÓN | |
| campo de control | 20250902063120.0 |
| 007 - CAMPO FIJO DE DESCRIPCIÓN FÍSICA--INFORMACIÓN GENERAL | |
| campo de control de longitud fija | t| |
| 008 - DATOS DE LONGITUD FIJA--INFORMACIÓN GENERAL | |
| campo de control de longitud fija | 190306s1966 sp ||||1| spa d |
| 100 1# - ENTRADA PRINCIPAL--NOMBRE DE PERSONA | |
| Nombre de persona | Sylos Labini, Paolo, |
| Fechas asociadas al nombre | 1920-2005 |
| 9 (RLIN) | 69238 |
| 245 10 - MENCIÓN DEL TÍTULO | |
| Título | Oligopolio y progreso técnico / |
| Mención de responsabilidad, etc. | Paolo Sylos Labini ; [versión de Enrique Irazoqui]. |
| 260 ## - PUBLICACIÓN, DISTRIBUCIÓN, ETC. | |
| Lugar de publicación, distribución, etc. | Vilassar de Mar : |
| Nombre del editor, distribuidor, etc. | Oikos-Tau, |
| Fecha de publicación, distribución, etc. | [1966] |
| 300 ## - DESCRIPCIÓN FÍSICA | |
| Extensión | 218 p. ; |
| Dimensiones | 21 cm. |
| 490 1# - MENCIÓN DE SERIE | |
| Mención de serie | Colección "Libros de Economía Oikos" ; |
| Designación de volumen o secuencia | 8 |
| 650 #4 - PUNTO DE ACCESO ADICIONAL DE MATERIA--TÉRMINO DE MATERIA | |
| Término de materia o nombre geográfico como elemento de entrada | Oligopolios. |
| 9 (RLIN) | 166558 |
| 700 0# - ENTRADA AGREGADA--NOMBRE PERSONAL | |
| Nombre de persona | Irazoqui, Enrique. |
| 9 (RLIN) | 65429 |
| 830 00 - PUNTO DE ACCESO ADICIONAL DE SERIE-TÍTULO UNIFORME | |
| Título uniforme | Colección "Libros de economía Oikos" |
| Designación de volumen o secuencia | 8 |
| 9 (RLIN) | 187436 |
| 852 ## - LOCALIZACIÓN | |
| Ubicación | ES-MaACL |
| Número de control de estantería | P-522-Ter-8 |
| Estatus retirado | Estado de pérdida | Estado de daño | No para préstamo | Biblioteca de origen | Biblioteca actual | Ubicación en estantería | Fecha de adquisición | Fuente de adquisición | Total de préstamos | Signatura topográfica completa | Código de barras | Visto por última vez | Precio de reemplazo | Tipo de ítem Koha |
|---|---|---|---|---|---|---|---|---|---|---|---|---|---|---|
| Biblioteca del Ateneo de Madrid | Biblioteca del Ateneo de Madrid | Depósito 2 | 06/03/2019 | P-522-Ter-8 | 1200120 | 23/02/2023 | 23/02/2023 | Libro impreso |
